00527 2200169 4500245006500000020002200065250001100087100002300098650003900121650001000160005001900170260011700189041001400306084001000320300001800330336000900348 aKeriting atau Lurus Semua IstimewacKhulatul MubarokahhText a978-623-307-028-7 aCet. 1 aKhulatul Mubarokah aKeriting atau Lurus Semua Istimewa aEbook a20241101131844 aJakartabKementerian Pendidikan, Kebudayaan, Riset, dan Teknologi Badan Pengembangan dan Pembinaan Bahasac2020 aIndonesia a741.5 a35 Hlm :cPDF atext